000 00643nam a2200157Ia 4500
005 20241218011818.0
008 240331s9999 xx 000 0 und d
020 _a8174400575
082 _bCEN
_25498
_a305
100 _aCentre for Development Studies and Action
245 0 _aVoices of women in Panchayati Raj
260 _aNew Delhi
_bFriedrich-Ebert-Stiftung
_c2004
300 _a150 p.,
500 _aA brief summary of the interviews on the views and experiences of grassroots level women in Panchayati Raj in India, highlighting the impacts of increased female representation in rural development and socio political dynamic
942 _cL
999 _c1501
_d1501